Language Quiz

Random Language or French Quiz
Score 0/30 Timer 04:00
9 Plays Today
Question Answer Wrong Answers
Château French
95.6%
Spanish
0.6%
Italian
0.7%
Chauffeur French
95.5%
Spanish
0.6%
Italian
0.8%
Spaghetti Italian
95%
Spanish
0.9%
French
1%
Etiquette French
94.6%
Spanish
0.8%
Italian
1.5%
Critique French
94.3%
Spanish
1.2%
Italian
1.5%
Petite French
94.1%
Spanish
1%
Italian
1.9%
Mozzarella Italian
94%
Spanish
1.4%
French
1.4%
Burrito Spanish
93.9%
French
0.4%
Italian
2.5%
Entrepreneur French
93.9%
Spanish
1.3%
Italian
1.7%
Matador Spanish
93%
French
1.6%
Italian
2.4%
Fiesta Spanish
92.5%
French
0.7%
Italian
3.8%
Risotto Italian
91.2%
Spanish
3.7%
French
1.9%
Silhouette French
91.2%
Spanish
1.3%
Italian
4.5%
Mafia Italian
90.1%
Spanish
5.5%
French
1.3%
Mesa Spanish
87.4%
French
1.2%
Italian
8.3%
Armadillo Spanish
87.1%
French
1.6%
Italian
8.2%
Café French
83.6%
Spanish
8.4%
Italian
5.1%
Meringue French
82.1%
Spanish
10.5%
Italian
4.3%
Stiletto Italian
80.2%
Spanish
5.3%
French
11.5%
Menu French
80.1%
Spanish
6.7%
Italian
10%
Graffiti Italian
79.8%
Spanish
6.8%
French
10.4%
Guerrilla Spanish
79.4%
French
9.8%
Italian
7.8%
Stanza Italian
79.4%
Spanish
12.3%
French
5.2%
Caldera Spanish
78%
French
2.5%
Italian
16.3%
Mosquito Spanish
72.5%
French
10.6%
Italian
13.8%
Ditto Italian
70.4%
Spanish
14.5%
French
12%
Sepia Italian
50.5%
Spanish
34.2%
French
12.2%
Villa Italian
40.3%
Spanish
46%
French
10.8%
Silo Spanish
39.2%
French
15.6%
Italian
42.2%
Oregano Spanish
18.2%
French
2.5%
Italian
76.4%
Come Together.
Have Fun.
All Virtual.
We all need to come together. Play Sporcle's virtual live trivia to have fun, connect with people, and get your trivia on. Join a live hosted trivia game for your favorite pub trivia experience done virtually. If a virtual private party is more your thing, go here for details.

You're not logged in!

Compare scores with friends on all Sporcle quizzes.
OR
Log In

Sporcle TV

Today on Sporcle TV


Watch our educational content, quiz creation guides, and fun videos on Sporcle TV.

Show Comments

Extras

Top Quizzes Today


Score Distribution

Paid Content

Your Account Isn't Verified!

In order to create a playlist on Sporcle, you need to verify the email address you used during registration. Go to your Sporcle Settings to finish the process.

Report this User

Report this user for behavior that violates our Community Guidelines.

Details: